| 000 | 00399nam a2200169Ia 4500 | ||
|---|---|---|---|
| 005 | 20240618030234.0 | ||
| 008 | 240331s9999 xx 000 0 und d | ||
| 082 |
_bGAN _a891.48 |
||
| 100 | _aGanesalingan, S | ||
| 245 | 0 |
_aIru nanparkal _cS. Ganeshalingan |
|
| 260 |
_aChennai _bKumar _c2005 |
||
| 300 | _a175 p ., | ||
| 650 | _aPolitical | ||
| 650 | _aFriendship | ||
| 650 | _aFamily | ||
| 942 | _cL | ||
| 999 |
_c3936 _d3936 |
||